000 00991cad a22002295a 4500
001 L155887
008 120419s2012 xxk f 000 0 eng d
020 _a9781409834335
035 _a(Sirsi) u155887
041 0 _aeng
110 2 _aUnited Kingdom
_bDepartment for Communities and Local Government
_94939
245 0 0 _aChanges to the Energy Performance of Buildings Framework
_bPolicy update 1 the new look domestic Energy Performance Certificate
_h[electronic resource]
260 _aLondon
_cDCLG
_b2012
520 _aProvides an example of the new Energy Performance Certificate (EPC) which came into force from 6 April 2012. Common FAQS about EPCs.
590 _aKA
651 4 _aENGLAND AND WALES
690 _aResidential property
_96266
690 _aCommercial property
_96227
690 _aSustainability
_96271
856 4 0 _uhttps://www.communities.gov.uk/documents/planningandbuilding/pdf/2116826.pdf
_zView the item free of charge at www.communities.gov.uk
942 _n0
999 _c113897
_d113897